000 00766nac a22002171u 4500
020 _a8123902182
082 _a624.1762
_bR1377
090 _c2913
_d2913
100 _aRaju ,N.Krishna.
245 _aDesign Of Concrete :
_bMixes /
_cN.Krishna Raju.
250 _a4thed.
260 _aNew Delhi:[2006].
_bCBS Publishers and Distrubutors,
_cc.[2006]
300 _a316p.:
_bill;
_c22cm.
504 _aIncludes Index.
650 _aEarthquake resistant design.
650 _aReinforced concrete construction.
650 _aWind resistant design.
700 _aRaju ,N.krishna.
942 _cBB
_k624.1762R1377
999 _c2913
_d2913